<?xml version="1.0" encoding="UTF-8"?>
<record
    xmlns:xsi="http://www.w3.org/2001/XMLSchema-instance"
    xsi:schemaLocation="http://www.loc.gov/MARC21/slim http://www.loc.gov/standards/marcxml/schema/MARC21slim.xsd"
    xmlns="http://www.loc.gov/MARC21/slim">

  <leader>02433nam0a2200373   4500</leader>
  <controlfield tag="001">RU\NLR\BIBL_A\022263451</controlfield>
  <controlfield tag="005">20260406202441.0</controlfield>
  <datafield tag="035" ind1=" " ind2=" ">
    <subfield code="a">(NLR Aleph) 022263451</subfield>
  </datafield>
  <datafield tag="090" ind1=" " ind2=" ">
    <subfield code="a">12325539</subfield>
    <subfield code="c">12325539</subfield>
  </datafield>
  <datafield tag="100" ind1=" " ind2=" ">
    <subfield code="a">20240626d1972    |||y0rusy50      ca</subfield>
  </datafield>
  <datafield tag="101" ind1="0" ind2=" ">
    <subfield code="a">ukr</subfield>
  </datafield>
  <datafield tag="102" ind1=" " ind2=" ">
    <subfield code="a">RU</subfield>
  </datafield>
  <datafield tag="105" ind1=" " ind2=" ">
    <subfield code="a">y   gc  011yy</subfield>
  </datafield>
  <datafield tag="181" ind1=" " ind2="0">
    <subfield code="a">i </subfield>
    <subfield code="b">axxe  </subfield>
  </datafield>
  <datafield tag="182" ind1=" " ind2="0">
    <subfield code="a">n</subfield>
  </datafield>
  <datafield tag="200" ind1="1" ind2=" ">
    <subfield code="a">&#x417;&#x430;&#x445;i&#x434;&#x43D;i &#x43E;&#x431;&#x43B;&#x430;&#x441;&#x442;i &#x423;&#x43A;&#x440;&#x430;&#xEF;&#x43D;&#x441;&#x44C;&#x43A;&#x43E;&#xEF; &#x420;&#x421;&#x420; &#x443; &#x412;&#x435;&#x43B;&#x438;&#x43A;i&#x439; &#x412;i&#x442;&#x447;&#x438;&#x437;&#x43D;&#x44F;&#x43D;i&#x439; &#x432;i&#x439;&#x43D;i &#x420;&#x430;&#x434;&#x44F;&#x43D;&#x441;&#x44C;&#x43A;&#x43E;&#x433;&#x43E; &#x421;&#x43E;&#x44E;&#x437;&#x443;, 1941-1945 &#x440;&#x440;.</subfield>
    <subfield code="e">&#x431;i&#x431;&#x43B;i&#x43E;&#x433;&#x440;&#x430;&#x444;i&#x447;&#x43D;&#x438;&#x439; &#x43F;&#x43E;&#x43A;&#x430;&#x436;&#x447;&#x438;&#x43A;</subfield>
    <subfield code="f">&#x410;&#x43A;&#x430;&#x434;&#x435;&#x43C;i&#x44F; &#x43D;&#x430;&#x443;&#x43A; &#x423;&#x43A;&#x440;&#x430;&#xEF;&#x43D;&#x441;&#x44C;&#x43A;&#x43E;&#xEF; &#x420;&#x421;&#x420;, &#x41B;&#x44C;&#x432;i&#x432;&#x441;&#x44C;&#x43A;&#x430; &#x43D;&#x430;&#x443;&#x43A;&#x43E;&#x432;&#x430; &#x431;i&#x431;&#x43B;i&#x43E;&#x442;&#x435;&#x43A;&#x430; i&#x43C;. &#x412;. &#x421;&#x442;&#x435;&#x444;&#x430;&#x43D;&#x438;&#x43A;&#x430;</subfield>
    <subfield code="g">&#x443;&#x43A;&#x43B;&#x430;&#x43B;&#x438;: &#x421;. &#x41F;. &#x41A;&#x43E;&#x441;&#x442;&#x44E;&#x43A; [&#x438; &#x434;&#x440;.]</subfield>
    <subfield code="g">&#x440;&#x435;&#x434;&#x430;&#x43A;&#x442;&#x43E;&#x440;: &#x434;&#x43E;&#x43A;&#x442;&#x43E;&#x440; i&#x441;&#x442;&#x43E;&#x440;&#x438;&#x447;&#x43D;&#x438;&#x445; &#x43D;&#x430;&#x443;&#x43A;, &#x43F;&#x440;&#x43E;&#x444;&#x435;&#x441;&#x441;&#x43E;&#x440; &#x41C;. &#x41A;. I&#x432;&#x430;&#x441;&#x44E;&#x442;&#x430;</subfield>
  </datafield>
  <datafield tag="203" ind1=" " ind2=" ">
    <subfield code="a">&#x422;&#x435;&#x43A;&#x441;&#x442;</subfield>
    <subfield code="b">&#x432;&#x438;&#x437;&#x443;&#x430;&#x43B;&#x44C;&#x43D;&#x44B;&#x439;</subfield>
    <subfield code="c">&#x43D;&#x435;&#x43F;&#x43E;&#x441;&#x440;&#x435;&#x434;&#x441;&#x442;&#x432;&#x435;&#x43D;&#x43D;&#x44B;&#x439;</subfield>
  </datafield>
  <datafield tag="210" ind1=" " ind2=" ">
    <subfield code="a">&#x41A;&#x438;&#xEF;&#x432;</subfield>
    <subfield code="c">[&#x431;. &#x438;.]</subfield>
    <subfield code="d">1972</subfield>
  </datafield>
  <datafield tag="215" ind1=" " ind2=" ">
    <subfield code="a">251 &#x441;.</subfield>
    <subfield code="d">20</subfield>
  </datafield>
  <datafield tag="300" ind1=" " ind2=" ">
    <subfield code="a">&#x417;&#x430;&#x433;&#x43B;. &#x43E;&#x431;&#x43B;.: &#x417;&#x430;&#x445;i&#x434;&#x43D;i &#x43E;&#x431;&#x43B;&#x430;&#x441;&#x442;i &#x423;&#x420;&#x421;&#x420; &#x443; &#x412;&#x435;&#x43B;&#x438;&#x43A;i&#x439; &#x412;i&#x442;&#x447;&#x438;&#x437;&#x43D;&#x44F;&#x43D;i&#x439; &#x432;i&#x439;&#x43D;i &#x420;&#x430;&#x434;&#x44F;&#x43D;&#x441;&#x44C;&#x43A;&#x43E;&#x433;&#x43E; &#x421;&#x43E;&#x44E;&#x437;&#x443; (1941-1945)</subfield>
  </datafield>
  <datafield tag="300" ind1=" " ind2=" ">
    <subfield code="a">&#x41D;&#x430; &#x43E;&#x431;&#x43E;&#x440;&#x43E;&#x442;&#x435; &#x442;&#x438;&#x442;. &#x441;. &#x437;&#x430;&#x433;&#x43B;. &#x442;&#x430;&#x43A;&#x436;&#x435; &#x43D;&#x430; &#x440;&#x443;&#x441;. &#x44F;&#x437;.: &#x417;&#x430;&#x43F;&#x430;&#x434;&#x43D;&#x44B;&#x435; &#x43E;&#x431;&#x43B;&#x430;&#x441;&#x442;&#x438; &#x423;&#x43A;&#x440;&#x430;&#x438;&#x43D;&#x441;&#x43A;&#x43E;&#x439; &#x421;&#x421;&#x420; &#x432; &#x412;&#x435;&#x43B;&#x438;&#x43A;&#x43E;&#x439; &#x41E;&#x442;&#x435;&#x447;&#x435;&#x441;&#x442;&#x432;&#x435;&#x43D;&#x43D;&#x43E;&#x439; &#x432;&#x43E;&#x439;&#x43D;&#x435; &#x421;&#x43E;&#x432;&#x435;&#x442;&#x441;&#x43A;&#x43E;&#x433;&#x43E; &#x421;&#x43E;&#x44E;&#x437;&#x430;, 1941-1945 &#x433;&#x433;.: &#x431;&#x438;&#x431;&#x43B;&#x438;&#x43E;&#x433;&#x440;&#x430;&#x444;&#x438;&#x447;&#x435;&#x441;&#x43A;&#x438;&#x439; &#x443;&#x43A;&#x430;&#x437;&#x430;&#x442;&#x435;&#x43B;&#x44C;</subfield>
  </datafield>
  <datafield tag="309" ind1=" " ind2=" ">
    <subfield code="a">&#x41D;&#x430;&#x43F;&#x435;&#x447;. &#x43D;&#x430; &#x43F;&#x438;&#x448;. &#x43C;&#x430;&#x448;. &#x420;&#x43E;&#x442;&#x430;&#x43F;&#x440;&#x438;&#x43D;&#x442;</subfield>
  </datafield>
  <datafield tag="320" ind1=" " ind2=" ">
    <subfield code="a">&#x418;&#x43C;&#x435;&#x43D;. &#x43F;&#x43E;&#x43A;&#x430;&#x436;&#x447;&#x438;&#x43A;: &#x441;. 223-241</subfield>
  </datafield>
  <datafield tag="512" ind1="1" ind2=" ">
    <subfield code="a">&#x417;&#x430;&#x445;i&#x434;&#x43D;i &#x43E;&#x431;&#x43B;&#x430;&#x441;&#x442;i &#x423;&#x420;&#x421;&#x420; &#x443; &#x412;&#x435;&#x43B;&#x438;&#x43A;i&#x439; &#x412;i&#x442;&#x447;&#x438;&#x437;&#x43D;&#x44F;&#x43D;i&#x439; &#x432;i&#x439;&#x43D;i &#x420;&#x430;&#x434;&#x44F;&#x43D;&#x441;&#x44C;&#x43A;&#x43E;&#x433;&#x43E; &#x421;&#x43E;&#x44E;&#x437;&#x443; (1941-1945)</subfield>
  </datafield>
  <datafield tag="517" ind1="1" ind2=" ">
    <subfield code="a">&#x417;&#x430;&#x43F;&#x430;&#x434;&#x43D;&#x44B;&#x435; &#x43E;&#x431;&#x43B;&#x430;&#x441;&#x442;&#x438; &#x423;&#x43A;&#x440;&#x430;&#x438;&#x43D;&#x441;&#x43A;&#x43E;&#x439; &#x421;&#x421;&#x420; &#x432; &#x412;&#x435;&#x43B;&#x438;&#x43A;&#x43E;&#x439; &#x41E;&#x442;&#x435;&#x447;&#x435;&#x441;&#x442;&#x432;&#x435;&#x43D;&#x43D;&#x43E;&#x439; &#x432;&#x43E;&#x439;&#x43D;&#x435; &#x421;&#x43E;&#x432;&#x435;&#x442;&#x441;&#x43A;&#x43E;&#x433;&#x43E; &#x421;&#x43E;&#x44E;&#x437;&#x430;, 1941-1945 &#x433;&#x433;.</subfield>
    <subfield code="e">&#x431;&#x438;&#x431;&#x43B;&#x438;&#x43E;&#x433;&#x440;&#x430;&#x444;&#x438;&#x447;&#x435;&#x441;&#x43A;&#x438;&#x439; &#x443;&#x43A;&#x430;&#x437;&#x430;&#x442;&#x435;&#x43B;&#x44C;</subfield>
    <subfield code="z">rus</subfield>
  </datafield>
  <datafield tag="702" ind1=" " ind2="1">
    <subfield code="a">&#x41A;&#x43E;&#x441;&#x442;&#x44E;&#x43A;</subfield>
    <subfield code="b">&#x421;. &#x41F;.</subfield>
    <subfield code="f">1927-</subfield>
    <subfield code="g">&#x421;&#x442;&#x435;&#x43F;&#x430;&#x43D; &#x41F;&#x430;&#x432;&#x43B;&#x43E;&#x432;&#x438;&#x447;</subfield>
    <subfield code="4">220</subfield>
  </datafield>
  <datafield tag="702" ind1=" " ind2="1">
    <subfield code="a">I&#x432;&#x430;&#x441;&#x44E;&#x442;&#x430;</subfield>
    <subfield code="b">&#x41C;. &#x41A;.</subfield>
    <subfield code="4">340</subfield>
  </datafield>
  <datafield tag="712" ind1="0" ind2="2">
    <subfield code="4">220</subfield>
    <subfield code="8">ukr</subfield>
    <subfield code="a">&#x41B;&#x44C;&#x432;i&#x432;&#x441;&#x44C;&#x43A;&#x430; &#x43D;&#x430;&#x443;&#x43A;&#x43E;&#x432;&#x430; &#x431;i&#x431;&#x43B;i&#x43E;&#x442;&#x435;&#x43A;&#x430; i&#x43C;. &#x412;. &#x421;&#x442;&#x435;&#x444;&#x430;&#x43D;&#x438;&#x43A;&#x430;</subfield>
    <subfield code="7">ca</subfield>
    <subfield code="3">RU\NLR\AUTH\889962391</subfield>
    <subfield code="9">421091</subfield>
  </datafield>
  <datafield tag="852" ind1=" " ind2=" ">
    <subfield code="a">NLR</subfield>
    <subfield code="j">&#x441;453&#x417;&#x430;&#x43F;.&#x423;&#x43A;&#x440;/&#x417;-&#x417;8</subfield>
  </datafield>
  <datafield tag="942" ind1=" " ind2=" ">
    <subfield code="c">BOOK</subfield>
  </datafield>
  <datafield tag="980" ind1=" " ind2=" ">
    <subfield code="a">NB</subfield>
  </datafield>
  <datafield tag="995" ind1=" " ind2=" ">
    <subfield code="5">2024-06-28</subfield>
    <subfield code="b">NLR01</subfield>
    <subfield code="c">NLR01</subfield>
    <subfield code="e">CSB</subfield>
    <subfield code="f">1-4647720</subfield>
    <subfield code="k">&#x441;453&#x417;&#x430;&#x43F;.&#x423;&#x43A;&#x440;/&#x417;-&#x417;8</subfield>
    <subfield code="o">0</subfield>
    <subfield code="r">BOOK</subfield>
    <subfield code="s">4538_</subfield>
  </datafield>
</record>
